| 000 | 00651nam a22001937a 4500 | ||
|---|---|---|---|
| 005 | 20231115150050.0 | ||
| 008 | 180604s sp gr|||| 000 0 spa|| | ||
| 020 | _a8488030150 | ||
| 050 | 0 | 4 |
_aKKT3527 _bM37 1992 |
| 100 | 1 | _aMartínez-Echevarria, Rafael | |
| 245 | 1 | 4 |
_aLos nuevos tributos municipales _c / Rafael Martínez-Echevarría ; prólogo José Ma. Martín Delgado. |
| 250 | _a1a ed. | ||
| 260 |
_aMadrid : _bDykinson, _c1992 |
||
| 300 |
_a347 p. ; _c23 cm. |
||
| 650 | 4 |
_aPolítica fiscal _zEspaña |
|
| 650 | 4 |
_aImpuestos _xLeyes y legislación _zEspaña |
|
| 700 | 1 |
_aMartín Delgado, José Ma., _eprologuista |
|
| 942 |
_2lcc _cLIB |
||
| 999 |
_c112849 _d112849 |
||